| 000 | 01208nam a2200229Ia 4500 | ||
|---|---|---|---|
| 001 | L192-1774 | ||
| 003 | IT-CnALBA | ||
| 008 | 170116s9999||||xx |||||||||||||| ||und|| | ||
| 040 |
_aIT-CnALBA _cIT-CnALBA |
||
| 041 | _aITALIANO | ||
| 100 | _aLOCKE GIOVANNI | ||
| 245 | 0 | _aSAGGIO SULL'INTELLETTO UMANO. | |
| 250 | _a1a ed. | ||
| 260 |
_a BRESCIA _bLA SCUOLA, SOCIETÀ EDITRICE _c1940 [1° Ed.:1940 - Ed.Ling.Originale: 1940] |
||
| 300 | _a420 p. (prefazione: 43) | ||
| 500 | _aCURATORE BIANCHI GIANFRANCO. AMBIENTE BIOGRAFIA OPERE DEL LOCKE. LOCKE NELLA FILOSOFIA DELL'ETA' MODERNA. PENSIRO POLITICO E PEDAGOGICO. IL VERO LOCKE. IDEE INNATE. ORIGINE DELLE IDEE. IDEE SEMPLICI. OPERAZIONI MENTALI. PAROLE E LINGUAGGIO. CONOSCENZA E V | ||
| 501 | _aSocietà San Paolo EM - Piazza San Paolo, 14 - 12051 ALBA (CN) (non commercial uses only) ® Copyright 2017 | ||
| 520 | _aCURATORE BIANCHI GIANFRANCO. AMBIENTE BIOGRAFIA OPERE DEL LOCKE. LOCKE NELLA FILOSOFIA DELL'ETA' MODERNA. PENSIRO POLITICO E PEDAGOGICO. IL VERO LOCKE. IDEE INNATE. ORIGINE DELLE IDEE. IDEE SEMPLICI. OPERAZIONI MENTALI. PAROLE E LINGUAGGIO. CONOSCENZA E V | ||
| 650 | _aFILOSOFIA INGLESE | ||
| 942 | _cBK | ||
| 957 | _71 | ||
| 999 |
_a2755 _bSI _g Copie: 1 _c260992 _d260992 |
||